|
|
|
|
| LEADER |
00000csb a2200000 a 4500 |
| 003 |
Ucuenca |
| 005 |
20230308201250.0 |
| 008 |
000080| ||||||||r|||||||||||spa|| |
| 022 |
|
|
|a 1390-0471
|
| 040 |
|
|
|b spa
|
| 041 |
1 |
|
|a spa
|
| 082 |
0 |
|
|a 330.5
|b C184c
|
| 100 |
1 |
|
|a Hurtado Larrea, Osvaldo.
|d 1939-
|9 11332
|
| 245 |
|
0 |
|a Visión optimista del Ecuador
|c Osvaldo Hurtado Larrea
|h imp
|
| 264 |
|
|
|a Quito
|b Cámara de Comercio de Quito
|c Julio de 2000
|
| 300 |
|
|
|a páginas: 6- 9
|b ilu
|
| 362 |
|
|
|a Año 5; no. 27 (julio 2000)
|
| 504 |
|
|
|a incl. ref.
|
| 650 |
1 |
0 |
|a Ecuador visión optimista
|9 175784
|
| 650 |
1 |
|
|a Revista criterios
|9 175766
|
| 852 |
|
|
|a UC-CDJBV
|f Donación
|l 1
|p 20000803
|q 20.000
|r 2
|d CDRC
|e CDRC
|g 330.5 C184c TERCER PISO (SECCION REVISTAS)
|z 2000-00-80
|
| 942 |
|
|
|c SERA
|
| 773 |
0 |
|
|0 151543
|9 136554
|a Cámara de Comercio de Quito
|d Quito Cámara de Comercio de Quito Julio de 2000
|o 46980
|t Criterios
|x 1390-0471
|
| 999 |
|
|
|c 94904
|d 94904
|